Indian sadhus, (Record no. 70586)

MARC details
000 -LEADER
fixed length control field 00659cam a22002291 4500
001 - CONTROL NUMBER
control field sa 66006588
003 - CONTROL NUMBER IDENTIFIER
control field DLC
005 - DATE AND TIME OF LATEST TRANSACTION
control field 20260227112257.0
008 - FIXED-LENGTH DATA ELEMENTS--GENERAL INFORMATION
fixed length control field 740606s1964 xx 000 0 eng
010 ## - LIBRARY OF CONGRESS CONTROL NUMBER
LC control number sa 66006588
035 ## - SYSTEM CONTROL NUMBER
System control number (OCoLC)909706
040 ## - CATALOGING SOURCE
Original cataloging agency DLC
Transcribing agency OAU
Modifying agency DLC
042 ## - AUTHENTICATION CODE
Authentication code premarc
050 00 - LIBRARY OF CONGRESS CALL NUMBER
Classification number BL1226.85
Item number .G4 1964
100 1# - MAIN ENTRY--PERSONAL NAME
Personal name Ghurye, G. S.
Fuller form of name (Govind Sadashiv),
Dates associated with a name 1893-1983.
245 10 - TITLE STATEMENT
Title Indian sadhus,
Statement of responsibility, etc. by G. S. Ghurye. With the collaboration of L. N. Chapekar.
250 ## - EDITION STATEMENT
Edition statement [2d ed.]
260 ## - PUBLICATION, DISTRIBUTION, ETC.
Place of publication, distribution, etc. Bombay,
Name of publisher, distributor, etc. Popular Prakashan
Date of publication, distribution, etc. [1964]
300 ## - PHYSICAL DESCRIPTION
Extent x, 260 p.
Dimensions 23 cm.
504 ## - BIBLIOGRAPHY, ETC. NOTE
Bibliography, etc. note Bibliography: p. [248]-251.
650 #0 - SUBJECT ADDED ENTRY--TOPICAL TERM
Topical term or geographic name entry element Sadhus.

No items available.

Powered by Koha